| 000 | 00533nam a2200181Ia 4500 | ||
|---|---|---|---|
| 001 | 14024 | ||
| 005 | 20260306164844.0 | ||
| 008 | 260306t2014||||xx |||||||||||||| ||spa|| | ||
| 041 | _aESP | ||
| 082 |
_a005.82 _bM26 |
||
| 100 |
_aMartinez Rodriguez, Huber _eAUT |
||
| 245 | 0 |
_aCurvas elipticas en la criptografía: _bmétodos y algoritmos para generar curvas elípticas con buenas propiedades criptográficas |
|
| 260 | _c2014 | ||
| 300 |
_a78 páginas : _c22 cm. |
||
| 650 | _aGEN | ||
| 654 | _aCCC | ||
| 942 |
_cLIB _dJUS _fJUS _2ddc _n |
||
| 999 |
_c14024 _d14024 |
||